[Event "Talcahuano"]
[Site "Talcahuano"]
[Date "2012.06.02"]
[Round "1"]
[White "Vizama Riveros, Claudio"]
[Black "Rojas Sepulveda, Eduardo"]
[Result "1-0"]
[WhiteElo "2256"]
[BlackElo "2315"]
[PlyCount "74"]
[EventDate "2012.06.02"]
[EventType "tourn"]
[EventRounds "9"]
[EventCountry "CHI"]
[SourceTitle "CBM 149 Extra"]
[Source "ChessBase"]
[SourceDate "2012.08.24"]
[SourceVersion "1"]
[SourceVersionDate "2012.08.24"]
[SourceQuality "1"]

1. d4 Nf6 2. c4 d6 3. Nf3 g6 4. Nc3 Bg7 5. Bg5 0-0 6. e3 Bg4 7. Be2 c6 8. 0-0 Qa5 9. Bh4 a6 10. a3 Nbd7 11. Bg3 Nh5 12. b4 Qc7 13. Rc1 Nxg3 14. hxg3 Bxf3 15. gxf3 e5 16. c5 d5 17. dxe5 Qxe5 18. e4 d4 19. Na4 f5 20. exf5 Qxf5 21. Kg2 Rae8 22. f4 g5 23. Bd3 Qd5+ 24. Kg1 Kh8 25. Qh5 Nf6 26. Qxg5 Qb3 27. Bc2 Qxa3 28. Ra1 Qf3 29. Rad1 Re2 30. Rd3 Qe4 31. Rd2 Qe6 32. Rxe2 Qxe2 33. Qf5 Re8 34. Bd3 Qf3 35. Nb2 h5 36. Nc4 h4 37. Ne5 hxg3 1-0

[Event "Santiago CC Aj Talcahuano-B"]
[Site "Santiago de Chile"]
[Date "2003.08.07"]
[Round "8"]
[White "Henriquez Pacheco, Daniel"]
[Black "Vizama Riveros, Claudio"]
[Result "1/2-1/2"]
[WhiteElo "2174"]
[BlackElo "2198"]
[PlyCount "39"]
[EventDate "2003.08.??"]
[EventType "tourn"]
[EventRounds "10"]
[EventCountry "CHI"]
[SourceTitle "EXT 2004"]
[Source "ChessBase"]
[SourceDate "2003.11.25"]
[SourceVersion "1"]
[SourceVersionDate "2003.11.25"]
[SourceQuality "1"]

1. e4 e5 2. Nc3 Bc5 3. Bc4 Nf6 4. d3 c6 5. Bg5 b5 6. Bb3 d6 7. f4 h6 8. Bxf6 Qxf6 9. Nf3 Bg4 10. f5 Nd7 11. h3 Bxf3 12. Qxf3 a5 13. a4 b4 14. Ne2 Qg5 15. Ng3 Nf6 16. Ke2 Rd8 17. h4 Qg4 18. Qxg4 Nxg4 19. Kf3 Nf6 20. c3 1/2-1/2

[Event "Santiago CC Aj Talcahuano-B"]
[Site "Santiago de Chile"]
[Date "2003.08.04"]
[Round "4"]
[White "Vizama Riveros, Claudio"]
[Black "Vargas Maliqueo, Ivan Patricio"]
[Result "1-0"]
[WhiteElo "2198"]
[BlackElo "2262"]
[PlyCount "108"]
[EventDate "2003.08.??"]
[EventType "tourn"]
[EventRounds "10"]
[EventCountry "CHI"]
[SourceTitle "EXT 2004"]
[Source "ChessBase"]
[SourceDate "2003.11.25"]
[SourceVersion "1"]
[SourceVersionDate "2003.11.25"]
[SourceQuality "1"]

1. d4 Nf6 2. c4 e6 3. Nc3 Bb4 4. e3 d5 5. cxd5 exd5 6. Nge2 c5 7. dxc5 Nc6 8. a3 Bxc5 9. b4 Bd6 10. Nd4 0-0 11. Be2 a5 12. b5 Ne7 13. Bb2 Bd7 14. 0-0 Qb8 15. Nf3 Be6 16. h3 Rd8 17. Bd3 Ne4 18. Ne2 f5 19. Bb1 Ng6 20. Ned4 Bd7 21. Ba2 Ne7 22. a4 Kh8 23. Nb3 Rg8 24. Qd4 Qf8 25. Ne5 Be6 26. f3 Ng3 27. Rf2 f4 28. Qxf4 Qxf4 29. exf4 Nh5 30. Nd4 Nxf4 31. Nxe6 Bxe5 32. Bxe5 Nxe6 33. Bd6 Rge8 34. Bxe7 Rxe7 35. Re1 Ree8 36. Rfe2 Nc7 37. Rxe8+ Rxe8 38. Rxe8+ Nxe8 39. Bxd5 b6 40. Kf2 Nc7 41. Bb3 g6 42. Ke3 Kg7 43. f4 Kf6 44. g4 h6 45. h4 h5 46. g5+ Ke7 47. Kd4 Ne8 48. Bc2 Kf7 49. Ke5 Nc7 50. Be4 Ne8 51. f5 gxf5 52. Bxf5 Ke7 53. Be4 Ng7 54. Bd3 Ne8 1-0

[Event "Santiago CC Aj Talcahuano-B"]
[Site "Santiago de Chile"]
[Date "2003.08.??"]
[Round "10"]
[White "Vizama Riveros, Claudio"]
[Black "Riffo Paz, Elizardo"]
[Result "1-0"]
[WhiteElo "2198"]
[BlackElo "2317"]
[PlyCount "88"]
[EventDate "2003.08.??"]
[EventType "tourn"]
[EventRounds "10"]
[EventCountry "CHI"]
[SourceTitle "EXT 2004"]
[Source "ChessBase"]
[SourceDate "2003.11.25"]
[SourceVersion "1"]
[SourceVersionDate "2003.11.25"]
[SourceQuality "1"]

1. d4 Nf6 2. c4 a6 3. Nc3 c5 4. Nf3 cxd4 5. Nxd4 Nc6 6. e4 e6 7. Nxc6 bxc6 8. e5 Ng8 9. Bf4 Ne7 10. a3 Ng6 11. Bg3 Qc7 12. Qd4 c5 13. Qe3 Rb8 14. 0-0-0 Bb7 15. Bd3 Bxg2 16. Rhg1 Qb7 17. Rd2 Bf3 18. h4 Ne7 19. Ne4 Bxe4 20. Bxe4 Qc7 21. Rgd1 Rd8 22. Qf3 g6 23. Kb1 Bg7 24. Rd6 Nc8 25. Rxa6 Bxe5 26. Qf6 Bxf6 27. Bxc7 Bxh4 28. Bxd8 Bxd8 29. b3 Ke7 30. Ra8 Nd6 31. Bh1 Re8 32. a4 Bc7 33. Ra7 Bb6 34. Ra6 Rb8 35. Ka2 Nc8 36. a5 Ba7 37. f4 Kd8 38. Bf3 Ke7 39. Kb2 Rb4 40. Kc3 h5 41. Kc2 f6 42. Rg1 Kf7 43. Be4 f5 44. Bf3 Bb8 1-0